Cities in the Pokémon Sinnoh Region on a Map - Statistics

General Stats
  • This quiz has been taken 1,434 times
    1,429 since last reset
  • The average score is 14 of 18
Answers on the Map
Answers color-coded by a green-red scale on the quiz's map according to % correct below.
 
Answer Stats
Answer % Correct
Jubilife City
86%
Snowpoint City
86%
Twinleaf Town
85%
Oreburgh City
84%
Pokémon League
84%
Sunyshore City
82%
Eterna City
80%
Sandgem Town
80%
Floaroma Town
79%
Canalave City
78%
Hearthome City
77%
Pastoria City
75%
Celestic Town
74%
Resort Area
74%
Veilstone City
73%
Solaceon Town
69%
Survival Area
58%
Fight Area
53%
No matching quizzes found
Score Distribution
Percent of People with Each Score
Percentile by Number Answered
Your Score History
You have not taken this quiz since the last reset